[Event "Team senior chess final 2017"]
[Site "Sochi"]
[Date "2017.05.01"]
[Round "1.1"]
[White "Arkhipov, Sergey"]
[Black "Rashkovsky, Nukhim N"]
[Result "1/2-1/2"]
[WhiteElo "2446"]
[BlackElo "2499"]
[PlyCount "39"]
[EventDate "2017.05.01"]

1. d4 Nf6 2. c4 e6 3. Nc3 Bb4 4. Qc2 d6 5. Nf3 O-O 6. a3 Bxc3+ 7. Qxc3 Qe7 8.
b3 b6 9. Bb2 Bb7 10. g3 Ne4 11. Qc2 f5 12. Bg2 Nd7 13. O-O Ndf6 14. Rad1 Rae8
15. Rfe1 Ng4 16. Rf1 Ngf6 17. Rfe1 Ng4 18. Rf1 Ngf6 19. Rfe1 Ng4 20. Rf1
1/2-1/2

[Event "Team senior chess final 2017"]
[Site "Sochi"]
[Date "2017.05.01"]
[Round "1.1"]
[White "Lisenko, Alexander V"]
[Black "Shvedchikov, Anatoli I"]
[Result "1/2-1/2"]
[WhiteElo "2359"]
[BlackElo "2285"]
[PlyCount "34"]
[EventDate "2017.05.01"]

1. d4 d5 2. c4 c6 3. cxd5 cxd5 4. Nc3 Nf6 5. Nf3 Nc6 6. Bf4 Bf5 7. e3 e6 8. Bd3
Bxd3 9. Qxd3 Bd6 10. Bxd6 Qxd6 11. O-O O-O 12. Rfd1 Rfd8 13. Ne2 Nd7 14. Nc3
Nf6 15. Ne2 Nd7 16. Nc3 Nf6 17. Ne2 Nd7 1/2-1/2

[Event "Team senior chess final 2017"]
[Site "Sochi"]
[Date "2017.05.01"]
[Round "1.1"]
[White "Chudinovskikh, Alexander M"]
[Black "Dragomarezkij, Evgeni"]
[Result "1/2-1/2"]
[WhiteElo "2231"]
[BlackElo "2350"]
[PlyCount "38"]
[EventDate "2017.05.01"]

1. d4 d5 2. c4 c6 3. cxd5 cxd5 4. Nc3 Nf6 5. Bf4 Nc6 6. e3 Bf5 7. Bd3 Bxd3 8.
Qxd3 e6 9. Nf3 Bd6 10. Bxd6 Qxd6 11. O-O O-O 12. Rfc1 Rfc8 13. Nb5 Qd8 14. Nc3
Qd6 15. Nb5 Qd8 16. Nc3 Qd6 17. Nb5 Qd8 18. Nc3 Qd6 19. Nb5 Qd8 1/2-1/2

[Event "Team senior chess final 2017"]
[Site "Sochi"]
[Date "2017.05.01"]
[Round "1.1"]
[White "Fradkin, Boris"]
[Black "Kremenietsky, Anatoly M"]
[Result "1/2-1/2"]
[WhiteElo "2376"]
[BlackElo "2295"]
[PlyCount "40"]
[EventDate "2017.05.01"]

1. d4 d5 2. c4 c6 3. cxd5 cxd5 4. Nf3 Nf6 5. Nc3 Nc6 6. Bf4 Bf5 7. e3 e6 8. Bd3
Bxd3 9. Qxd3 Bd6 10. Bxd6 Qxd6 11. O-O O-O 12. Rfc1 Rfc8 13. b3 b6 14. h3 h6
15. Nb5 Qd8 16. Nc3 Qd6 17. Nb5 Qd8 18. Nc3 Qd6 19. Nb5 Qd8 20. Nc3 Qd6 1/2-1/2

[Event "Team senior chess final 2017"]
[Site "Sochi"]
[Date "2017.05.01"]
[Round "1.2"]
[White "Gubernatorov, Sergey"]
[Black "Akhmadeev, Valery"]
[Result "1-0"]
[WhiteElo "2300"]
[BlackElo "2079"]
[PlyCount "139"]
[EventDate "2017.05.01"]

1. c4 e6 2. g3 d5 3. Bg2 Nf6 4. Nf3 Be7 5. d4 O-O 6. Qc2 b6 7. O-O Bb7 8. cxd5
Nxd5 9. a3 Nd7 10. e4 N5f6 11. Nc3 c5 12. Rd1 cxd4 13. Nxd4 Rc8 14. Qe2 Qe8 15.
g4 Ne5 16. h3 Nc4 17. Bg5 Nd7 18. Bxe7 Qxe7 19. Rac1 a6 20. a4 g6 21. b3 Na5
22. Qb2 Nc6 23. Nde2 Rfd8 24. Ng3 Nc5 25. Bf1 Nb4 26. Qb1 Qf6 27. Be2 Qf4 28.
Rxd8+ Rxd8 29. Rd1 Rxd1+ 30. Qxd1 Qc7 31. h4 Qd7 32. Qxd7 Nxd7 33. f3 Nc5 34.
Bc4 Nc6 35. Nf1 Kf8 36. Nd2 Ke7 37. Kf2 Kd6 38. Ke3 Nd7 39. f4 Ke7 40. e5 Nc5
41. Nce4 Nxe4 42. Nxe4 Na5 43. Nd6 Bc6 44. Kd4 b5 45. axb5 axb5 46. Bxb5 Bxb5
47. b4 Nb3+ 48. Kc3 Ba4 49. Nc8+ Kd8 50. Nb6 Nc1 51. Nxa4 Ne2+ 52. Kd3 Nxf4+
53. Ke4 Nd5 54. b5 Kc7 55. Kd4 h5 56. gxh5 gxh5 57. Kc5 Ne7 58. b6+ Kb7 59. Kb5
Ng6 60. Nc5+ Kb8 61. Nd7+ Kb7 62. Ka5 Ne7 63. Nc5+ Kc6 64. Na4 Nd5 65. Ka6 Nb4+
66. Ka7 Kd5 67. b7 Nc6+ 68. Kb6 Nb8 69. Nc5 Kxe5 70. Kc7 1-0

[Event "Team senior chess final 2017"]
[Site "Sochi"]
[Date "2017.05.01"]
[Round "1.2"]
[White "Sabaev, Evgueni"]
[Black "Kiriushin, Vladimir"]
[Result "1-0"]
[WhiteElo "2155"]
[BlackElo "2170"]
[PlyCount "169"]
[EventDate "2017.05.01"]

1. Nf3 Nf6 2. c4 c5 3. g3 Nc6 4. Bg2 g6 5. O-O Bg7 6. d4 cxd4 7. Nxd4 O-O 8.
Nc3 Qb6 9. Nb3 d6 10. Be3 Qd8 11. Rc1 Be6 12. Nd4 Bd7 13. h3 Qc8 14. Kh2 Rd8
15. b3 Qb8 16. Qd2 h5 17. Nd5 Kf8 18. Bh6 Nxd4 19. Nxf6 Nf5 20. Bxg7+ Kxg7 21.
Nxd7 Rxd7 22. Be4 Nh6 23. f4 Ng8 24. Qc3+ Nf6 25. Bg2 Kg8 26. Rcd1 Qc7 27. Qd4
Qa5 28. Qd2 Qxd2 29. Rxd2 Rad8 30. Rfd1 Kf8 31. Kg1 e6 32. Kf2 Ke7 33. e3 d5
34. cxd5 exd5 35. Rd4 Rc8 36. R1d2 Rc5 37. Ke2 Ke6 38. Bf3 b6 39. g4 hxg4 40.
hxg4 g5 41. fxg5 Nh7 42. b4 Rc3 43. Bxd5+ Ke7 44. Re4+ Kd8 45. Bxf7 Nxg5 46.
Rxd7+ Kxd7 47. Rd4+ Ke7 48. Bb3 Rc6 49. Rd5 Rg6 50. Bc2 Rg7 51. Bf5 Kf6 52. Kd3
Nf3 53. Rd6+ Kg5 54. Ke2 Ne5 55. Rd4 Rg8 56. Kf2 Rh8 57. Kg3 Rh1 58. Rd5 Kf6
59. Rd6+ Kf7 60. Kf4 Nc4 61. Rd7+ Kf8 62. Rxa7 Rf1+ 63. Kg5 Nxe3 64. Rb7 Rf2
65. Be6 Rg2 66. Rxb6 Ke7 67. a4 Nc2 68. Bf5 Nd4 69. a5 Rf2 70. a6 Ra2 71. b5
Ra5 72. Rb7+ Kd6 73. a7 Kc5 74. b6 Nc6 75. Rb8 Nxa7 76. bxa7 Rxa7 77. Rd8 Ra6
78. Kh5 Ra5 79. g5 Kc6 80. Be4+ Kc7 81. Rd4 Kc8 82. Kh6 Ra2 83. g6 Rh2+ 84. Kg5
Rh3 85. g7 1-0

[Event "Team senior chess final 2017"]
[Site "Sochi"]
[Date "2017.05.01"]
[Round "1.2"]
[White "Mednikov, Gennadiy"]
[Black "Zlachevskiy, Leonid"]
[Result "1/2-1/2"]
[WhiteElo "2176"]
[BlackElo "2046"]
[PlyCount "88"]
[EventDate "2017.05.01"]

1. d4 d5 2. Bf4 c5 3. e3 Nc6 4. Nf3 Bg4 5. Be2 Qb6 6. Nc3 e6 7. Na4 Qa5+ 8. c3
cxd4 9. exd4 Nf6 10. O-O Be7 11. b4 Qd8 12. Nc5 Qc8 13. Ne5 Bxe2 14. Qxe2 O-O
15. Bg5 b6 16. Qb5 Nxe5 17. dxe5 bxc5 18. exf6 gxf6 19. Bh6 Rd8 20. Qe2 Kh8 21.
Qh5 Rd7 22. f4 Qg8 23. Rf3 Qg6 24. Qh3 Rg8 25. Rg3 Qe4 26. Rxg8+ Kxg8 27. Rf1
Kh8 28. f5 Rd8 29. Qh5 Rg8 30. g3 exf5 31. Rf4 Qe6 32. Rh4 Rg4 33. Rh3 Kg8 34.
Bd2 Rg7 35. Bh6 Qe1+ 36. Kg2 Qe4+ 37. Kf1 Qb1+ 38. Kg2 Qxa2+ 39. Kf3 Qc2 40.
Bxg7 Qxc3+ 41. Ke2 Qc2+ 42. Kf1 Qc4+ 43. Kg2 Qc2+ 44. Kf1 Qc4+ 1/2-1/2

[Event "Team senior chess final 2017"]
[Site "Sochi"]
[Date "2017.05.01"]
[Round "1.2"]
[White "Karimov, Rashid"]
[Black "Martynov, Alexandr"]
[Result "1-0"]
[WhiteElo "2156"]
[BlackElo "1960"]
[PlyCount "147"]
[EventDate "2017.05.01"]

1. c4 e5 2. Nc3 Bc5 3. Nf3 d6 4. g3 Nc6 5. Bg2 Bf5 6. O-O Qd7 7. d3 Bh3 8. e3
Bxg2 9. Kxg2 Nge7 10. d4 exd4 11. exd4 Bb6 12. d5 Ne5 13. Nxe5 dxe5 14. Qe2 f6
15. Be3 Bxe3 16. fxe3 O-O 17. e4 Rae8 18. Rf2 c5 19. Raf1 Nc8 20. Qd3 a6 21.
Nd1 Nd6 22. b3 Qg4 23. Nc3 h5 24. a4 b6 25. Kh1 f5 26. exf5 e4 27. Qe2 Qh3 28.
f6 g6 29. f7+ Rxf7 30. Rxf7 Nxf7 31. Qg2 Qxg2+ 32. Kxg2 Kg7 33. a5 bxa5 34. Ra1
e3 35. Na4 Nd6 36. Nxc5 Nf5 37. Re1 Nd4 38. Ne6+ Nxe6 39. dxe6 Rxe6 40. Kf3 Kf6
41. Rxe3 Rb6 42. Ke4 Ke6 43. Kd4+ Kd7 44. Kc3 Rf6 45. Re5 Rf3+ 46. Kb2 a4 47.
bxa4 Rf2+ 48. Kb3 Rxh2 49. Rg5 Rh3 50. Kb4 h4 51. gxh4 Rxh4 52. Rxg6 a5+ 53.
Kb5 Kc7 54. Rg7+ Kd6 55. Ra7 Rh5+ 56. Kb6 Rh1 57. Rxa5 Rb1+ 58. Rb5 Ra1 59.
Rd5+ Ke6 60. a5 Rc1 61. Kc5 Ra1 62. Rd2 Rxa5+ 63. Kb6 Ra1 64. c5 Rb1+ 65. Kc6
Rc1 66. Re2+ Kf7 67. Kd6 Rd1+ 68. Kc7 Ra1 69. c6 Rc1 70. Kd7 Rd1+ 71. Kc8 Rd4
72. c7 Rd1 73. Rb2 Ke7 74. Kb8 1-0

[Event "Team senior chess final 2017"]
[Site "Sochi"]
[Date "2017.05.02"]
[Round "2.1"]
[White "Rashkovsky, Nukhim N"]
[Black "Gubernatorov, Sergey"]
[Result "1/2-1/2"]
[WhiteElo "2499"]
[BlackElo "2300"]
[PlyCount "54"]
[EventDate "2017.05.01"]

1. d4 Nf6 2. Nf3 g6 3. g3 Bg7 4. Bg2 O-O 5. O-O d5 6. c4 c6 7. cxd5 cxd5 8. Nc3
Nc6 9. b3 Ne4 10. Bb2 Nxc3 11. Bxc3 Bf5 12. Qd2 Rc8 13. Rfc1 Qd7 14. Bb2 Be4
15. e3 a6 16. Ne1 Bxg2 17. Kxg2 e6 18. Nf3 Qe7 19. a3 Na7 20. Rxc8 Rxc8 21. Rc1
Rxc1 22. Qxc1 Nc6 23. b4 Qd7 24. Ne1 Qe7 25. Nf3 Qd7 26. Ne1 Qe7 27. Nf3 Qd7
1/2-1/2

[Event "Team senior chess final 2017"]
[Site "Sochi"]
[Date "2017.05.02"]
[Round "2.1"]
[White "Kiriushin, Vladimir"]
[Black "Lisenko, Alexander V"]
[Result "0-1"]
[WhiteElo "2170"]
[BlackElo "2359"]
[PlyCount "110"]
[EventDate "2017.05.01"]

1. c4 c5 2. Nc3 Nc6 3. g3 g6 4. Bg2 Bg7 5. e3 h5 6. Nf3 e5 7. O-O Nge7 8. Re1
O-O 9. d3 Nf5 10. Nd5 d6 11. Bd2 Rb8 12. Bc3 a6 13. a3 b5 14. Qd2 Nfd4 15. exd4
exd4 16. cxb5 dxc3 17. bxc3 axb5 18. Rab1 Bf5 19. Nh4 Bd7 20. Be4 Ne5 21. Nf3
f5 22. Nxe5 dxe5 23. Bg2 Be6 24. c4 Bf7 25. Qa2 Qd6 26. Red1 Rfd8 27. h4 Rd7
28. Rb3 bxc4 29. dxc4 Rbd8 30. Rbd3 Kh8 31. Nf4 Qc7 32. Rxd7 Rxd7 33. Rxd7 Qxd7
34. Nd5 Qa4 35. Bf1 e4 36. Be2 Bd4 37. Kf1 Kg7 38. Nb6 Qc6 39. Nd5 Qa4 40. Nb6
Qa5 41. Nd5 Be8 42. Bd1 Bc6 43. Bb3 Qa6 44. Kg1 Bxd5 45. cxd5 Qd3 46. Kh2 Qf3
47. Kg1 e3 48. fxe3 Bxe3+ 49. Kh2 Bf2 50. Qa1+ Bd4 51. Qd1 Qf2+ 52. Kh3 Be5 53.
Qd3 c4 54. Bxc4 f4 55. d6 f3 0-1

[Event "Team senior chess final 2017"]
[Site "Sochi"]
[Date "2017.05.02"]
[Round "2.1"]
[White "Dragomarezkij, Evgeni"]
[Black "Mednikov, Gennadiy"]
[Result "1-0"]
[WhiteElo "2350"]
[BlackElo "2176"]
[PlyCount "71"]
[EventDate "2017.05.01"]

1. c4 e5 2. Nc3 Nf6 3. Nf3 Nc6 4. d3 Bc5 5. e3 a6 6. Be2 d6 7. O-O O-O 8. a3 h6
9. b4 Ba7 10. d4 Bg4 11. dxe5 Nxe5 12. Nxe5 Bxe2 13. Nxf7 Bxd1 14. Nxd8 Bb3 15.
Nxb7 Bxc4 16. Re1 Rae8 17. Na5 Bf7 18. Nc6 Bb6 19. Na4 Bd5 20. Nxb6 Bxc6 21.
Nc4 Bd5 22. Nb2 c5 23. f3 Rb8 24. e4 Be6 25. e5 dxe5 26. Rxe5 Bd5 27. bxc5 Rfc8
28. Na4 Bc6 29. Nb6 Rd8 30. Bf4 Kf7 31. Ree1 Rb7 32. Nc4 Kg8 33. Na5 Rc8 34.
Nxb7 Bxb7 35. Rab1 Bc6 36. Rb8 1-0

[Event "Team senior chess final 2017"]
[Site "Sochi"]
[Date "2017.05.02"]
[Round "2.1"]
[White "Martynov, Alexandr"]
[Black "Fradkin, Boris"]
[Result "0-1"]
[WhiteElo "1960"]
[BlackElo "2376"]
[PlyCount "78"]
[EventDate "2017.05.01"]

1. d4 Nf6 2. Bf4 g6 3. Nc3 d5 4. Qd2 Bf5 5. f3 h5 6. O-O-O c6 7. g3 Nbd7 8. Bg2
Nb6 9. Kb1 Nc4 10. Qc1 Qb6 11. e4 Bd7 12. Na4 Qa5 13. Nc5 b6 14. Nb3 Qb5 15.
Rd3 a5 16. Ne2 Bg7 17. Nc3 Qa6 18. h3 a4 19. Nd2 b5 20. Nxc4 bxc4 21. Re3 O-O
22. a3 c5 23. Be5 cxd4 24. Bxd4 Be6 25. f4 dxe4 26. Nxe4 Nxe4 27. Bxg7 Kxg7 28.
Bxe4 Rab8 29. g4 Qa5 30. Rg1 c3 31. Rxc3 Qxc3 32. f5 Qc4 33. fxe6 Qxe4 34. gxh5
Qxe6 35. hxg6 fxg6 36. h4 Rb5 37. c4 Qe4+ 38. Ka1 Rbf5 39. Qc3+ Qe5 0-1

[Event "Team senior chess final 2017"]
[Site "Sochi"]
[Date "2017.05.02"]
[Round "2.2"]
[White "Faibisovich, Vadim Z"]
[Black "Arkhipov, Sergey"]
[Result "0-1"]
[WhiteElo "2320"]
[BlackElo "2446"]
[PlyCount "126"]
[EventDate "2017.05.01"]

1. e4 c5 2. Nf3 e6 3. Nc3 Nc6 4. d4 cxd4 5. Nxd4 Nf6 6. Ndb5 Bc5 7. Nd6+ Ke7 8.
Nxc8+ Rxc8 9. Bd3 Qc7 10. O-O Ne5 11. Qe2 Neg4 12. g3 h5 13. Bf4 d6 14. h3 Ne5
15. Na4 Bd4 16. Be3 Bxe3 17. Qxe3 Qa5 18. Nc3 Qc5 19. Qxc5 Rxc5 20. Rad1 h4 21.
g4 g5 22. f4 gxf4 23. Rxf4 Nfd7 24. Rf2 a6 25. Ne2 Rc7 26. Kg2 Nc5 27. Nc3 b5
28. a3 Rb8 29. Na2 Rb6 30. Re2 Na4 31. c3 a5 32. Bb1 Rbc6 33. Kf2 Nb6 34. Bd3
Nbc4 35. Bb1 Rb6 36. Bd3 Nc6 37. Nc1 N4e5 38. Nb3 Ra7 39. Nd4 Nxd3+ 40. Rxd3
Ne5 41. Rd1 b4 42. a4 bxc3 43. bxc3 Rc7 44. Nb5 Rc4 45. Rd4 Rbc6 46. Red2 Rxd4
47. Rxd4 Ng6 48. Ke3 e5 49. Rd1 Nf4 50. Rh1 f6 51. Rh2 Ke6 52. Rh1 Rc4 53. Rd1
d5 54. exd5+ Nxd5+ 55. Kd3 Rxa4 56. c4 Rxc4 57. Ra1 Rb4 58. Rxa5 e4+ 59. Kc2
Rc4+ 60. Kb3 Rb4+ 61. Kc2 Ke5 62. Nc3 Rd4 63. Ne2 Rd3 0-1

[Event "Team senior chess final 2017"]
[Site "Sochi"]
[Date "2017.05.02"]
[Round "2.2"]
[White "Karasev, Vladimir I"]
[Black "Chudinovskikh, Alexander M"]
[Result "1-0"]
[WhiteElo "2355"]
[BlackElo "2231"]
[PlyCount "67"]
[EventDate "2017.05.01"]

1. Nf3 Nf6 2. g3 d5 3. Bg2 e6 4. O-O Be7 5. d3 c5 6. c4 O-O 7. cxd5 exd5 8. d4
Ne4 9. dxc5 Bxc5 10. Nc3 Nxc3 11. bxc3 Nc6 12. Qd3 Ne7 13. Nd4 Re8 14. Be3 Bb6
15. Rfd1 Bd7 16. Bg5 f6 17. Be3 Rc8 18. a4 Kh8 19. Nb5 Bf5 20. Bxb6 axb6 21. e4
Bg6 22. Qf1 Bh5 23. Rd4 Rc5 24. exd5 Nf5 25. Re4 Nd6 26. Nxd6 Qxd6 27. Rxe8+
Bxe8 28. Qe2 Qe5 29. Qxe5 fxe5 30. Ra3 Kg8 31. Bf1 Kf8 32. c4 Ra5 33. Rb3 Ra6
34. c5 {çàïèñü íåðàçáîð~~èâà} 1-0

[Event "Team senior chess final 2017"]
[Site "Sochi"]
[Date "2017.05.02"]
[Round "2.2"]
[White "Kremenietsky, Anatoly M"]
[Black "Blechzin, Igor"]
[Result "1-0"]
[WhiteElo "2295"]
[BlackElo "2260"]
[PlyCount "55"]
[EventDate "2017.05.01"]

1. e4 c5 2. Nf3 Nc6 3. d4 cxd4 4. Nxd4 g6 5. Nc3 Bg7 6. Be3 Nf6 7. Be2 O-O 8.
Nb3 a5 9. a4 d6 10. O-O Be6 11. f4 Qc8 12. Kh1 Bg4 13. Qd2 Bxe2 14. Qxe2 Qe6
15. Bg1 Rac8 16. Rad1 Ra8 17. Rfe1 Rfc8 18. Nd5 Nb4 19. Nd4 Qd7 20. Nb6 Qe8 21.
Nxa8 Rxa8 22. c3 Na6 23. Nb5 Qc6 24. e5 dxe5 25. fxe5 Nd7 26. e6 Ne5 27. exf7+
Kxf7 28. Bd4 1-0

[Event "Team senior chess final 2017"]
[Site "Sochi"]
[Date "2017.05.03"]
[Round "3.1"]
[White "Gubernatorov, Sergey"]
[Black "Faibisovich, Vadim Z"]
[Result "1/2-1/2"]
[WhiteElo "2300"]
[BlackElo "2320"]
[PlyCount "80"]
[EventDate "2017.05.01"]

1. c4 e6 2. g3 d5 3. Bg2 Nf6 4. Nf3 Be7 5. d4 O-O 6. O-O b6 7. cxd5 exd5 8. Nc3
Bb7 9. Bf4 Na6 10. Ne5 c5 11. dxc5 Nxc5 12. b4 Ne6 13. Qb3 Nxf4 14. gxf4 Qd6
15. a3 a6 16. Rfd1 Rad8 17. Rd4 g5 18. Rad1 gxf4 19. Nd3 Nh5 20. Nxd5 Bg5 21.
h4 Bxh4 22. N3xf4 Nxf4 23. Nxf4 Qc7 24. Bxb7 Rxd4 25. Rxd4 Qxb7 26. Nd5 Bd8 27.
Qc3 f5 28. Kf1 Qg7 29. Rd3 Qxc3 30. Rxc3 f4 31. Rc6 f3 32. Nxb6 fxe2+ 33. Kxe2
Bh4 34. Rc8 Rxc8 35. Nxc8 Kf7 36. b5 axb5 37. Nd6+ Ke6 38. Nxb5 Kd5 39. Ke3 Kc4
40. Nd6+ Kb3 1/2-1/2

[Event "Team senior chess final 2017"]
[Site "Sochi"]
[Date "2017.05.03"]
[Round "3.1"]
[White "Mishuchkov, Nikolai M"]
[Black "Kiriushin, Vladimir"]
[Result "1/2-1/2"]
[WhiteElo "2321"]
[BlackElo "2170"]
[PlyCount "81"]
[EventDate "2017.05.01"]

1. d4 d5 2. Nf3 Nf6 3. c4 c6 4. Qc2 g6 5. cxd5 cxd5 6. Nc3 Bg7 7. Bf4 O-O 8. e3
Nc6 9. Be2 Qa5 10. O-O Bf5 11. Qb3 Qb4 12. Qxb4 Nxb4 13. Ne5 Rac8 14. g4 Be6
15. f3 Rfd8 16. Rac1 Ne8 17. a3 Nc6 18. Nxc6 Rxc6 19. Bb5 Rcc8 20. Bxe8 Rxe8
21. Nb5 Rxc1 22. Rxc1 Rc8 23. Rxc8+ Bxc8 24. Bb8 a6 25. Nc7 e6 26. Ne8 Bd7 27.
Nd6 e5 28. Ba7 Bc6 29. Nc8 exd4 30. exd4 Bf8 31. Kf2 f6 32. Bc5 Kf7 33. Nd6+
Bxd6 34. Bxd6 Ke6 35. Bc5 a5 36. Ke3 a4 37. h4 Bb5 38. Kf4 Be2 39. Bb4 Bd1 40.
Bf8 Kf7 41. Bb4 1/2-1/2

[Event "Team senior chess final 2017"]
[Site "Sochi"]
[Date "2017.05.03"]
[Round "3.1"]
[White "Mednikov, Gennadiy"]
[Black "Karasev, Vladimir I"]
[Result "0-1"]
[WhiteElo "2176"]
[BlackElo "2355"]
[PlyCount "94"]
[EventDate "2017.05.01"]

1. d4 Nf6 2. Bf4 d6 3. Nc3 Nbd7 4. Nf3 c5 5. e3 Nh5 6. Bg5 h6 7. Bh4 g5 8. Nd2
cxd4 9. exd4 Ng7 10. Bg3 Nf5 11. Nde4 Bg7 12. d5 Qb6 13. Rb1 Nxg3 14. hxg3 O-O
15. Bd3 f5 16. Nd2 Ne5 17. O-O Nxd3 18. cxd3 Bd7 19. Re1 Rae8 20. Qh5 Qd4 21.
Re3 b5 22. Rbe1 b4 23. Nb3 Qf6 24. Nd1 Qf7 25. Qf3 Bf6 26. R3e2 Rb8 27. Ne3 Bg7
28. Nc4 Rfe8 29. Ne3 Rb5 30. Nc4 Bf6 31. Ne3 Be5 32. d4 Bg7 33. Nc4 g4 34. Qd3
Rxd5 35. Ne3 Bb5 36. Qd2 Bxe2 37. Nxd5 Qxd5 38. Rxe2 a5 39. Qe3 a4 40. Nd2 e5
41. Qd3 e4 42. Qc2 Qxa2 43. Qc6 Rf8 44. Qxd6 Qxb2 45. Qa6 a3 46. Nf3 Qc1+ 47.
Re1 Qc3 0-1

[Event "Team senior chess final 2017"]
[Site "Sochi"]
[Date "2017.05.03"]
[Round "3.1"]
[White "Blechzin, Igor"]
[Black "Martynov, Alexandr"]
[Result "1-0"]
[WhiteElo "2260"]
[BlackElo "1960"]
[PlyCount "76"]
[EventDate "2017.05.01"]

1. Nf3 d5 2. c4 d4 3. b4 f6 4. d3 e5 5. Qb3 c5 6. b5 Ne7 7. g3 Bf5 8. Bg2 Qc8
9. h3 Ng6 10. Nbd2 Be7 11. a4 Nd7 12. a5 Rb8 13. O-O Ndf8 14. Kh2 h5 15. h4 Nh7
16. e3 Nhf8 17. exd4 exd4 18. Re1 Kf7 19. Ne4 Bg4 20. Ba3 Nd7 21. Nxd4 Nxh4 22.
gxh4 Qc7+ 23. Ng3 Ne5 24. f4 Rbd8 25. Bd5+ Rxd5 26. cxd5 Kg6 27. fxe5 fxe5 28.
Ne6 Bxe6 29. dxe6 Bxh4 30. d4 e4 31. Qf3 Bg5 32. Qxe4+ Kh6 33. Qe5 Bf4 34. Qxc7
Bxc7 35. Kh3 g5 36. Nf5+ Kg6 37. Ne7+ Kg7 38. d5 Kh6 1-0

[Event "Team senior chess final 2017"]
[Site "Sochi"]
[Date "2017.05.03"]
[Round "3.2"]
[White "Akhmadeev, Valery"]
[Black "Rashkovsky, Nukhim N"]
[Result "1/2-1/2"]
[WhiteElo "2079"]
[BlackElo "2499"]
[PlyCount "32"]
[EventDate "2017.05.01"]

1. d4 d5 2. c4 c6 3. Nc3 Nf6 4. Nf3 Bf5 5. cxd5 cxd5 6. Bf4 Nc6 7. e3 e6 8. Bd3
Bxd3 9. Qxd3 Bd6 10. Bxd6 Qxd6 11. O-O O-O 12. Nb5 Qd8 13. Nc3 Qd6 14. Nb5 Qd8
15. Nc3 Qd6 16. Qb5 Rfd8 1/2-1/2

[Event "Team senior chess final 2017"]
[Site "Sochi"]
[Date "2017.05.03"]
[Round "3.2"]
[White "Lisenko, Alexander V"]
[Black "Sabaev, Evgueni"]
[Result "1/2-1/2"]
[WhiteElo "2359"]
[BlackElo "2155"]
[PlyCount "73"]
[EventDate "2017.05.01"]

1. d4 e6 2. Nf3 f5 3. c4 d5 4. g3 Nf6 5. Bg2 c6 6. Qc2 Bd6 7. O-O O-O 8. Ne5 b6
9. Nd3 Bb7 10. Bf4 Bxf4 11. Nxf4 Qe7 12. Nd2 Na6 13. Nf3 Rac8 14. Ng5 Nc7 15.
Rac1 Ne4 16. Nxe4 dxe4 17. h4 c5 18. e3 cxd4 19. exd4 Nd5 20. Qd2 Nxf4 21. Qxf4
Rfd8 22. Rfd1 Qf6 23. Qe3 Rd7 24. Rd2 Rcd8 25. Rcd1 h6 26. Bf1 g5 27. hxg5 hxg5
28. d5 exd5 29. cxd5 Kg7 30. Bc4 Rd6 31. g4 Bc8 32. gxf5 Bxf5 33. Qg3 Rh8 34.
Bf1 Rh4 35. Bg2 Rg4 36. Qh2 Rf4 37. Rc1 1/2-1/2

[Event "Team senior chess final 2017"]
[Site "Sochi"]
[Date "2017.05.03"]
[Round "3.2"]
[White "Zlachevskiy, Leonid"]
[Black "Dragomarezkij, Evgeni"]
[Result "0-1"]
[WhiteElo "2046"]
[BlackElo "2350"]
[PlyCount "76"]
[EventDate "2017.05.01"]

1. d4 Nf6 2. Bg5 e6 3. Nf3 c5 4. Bxf6 Qxf6 5. e3 Nc6 6. Be2 d5 7. O-O Bd6 8. c3
O-O 9. Nbd2 Rd8 10. Re1 a6 11. Qc2 Bd7 12. dxc5 Bxc5 13. e4 Rac8 14. exd5 exd5
15. Rad1 Bf5 16. Qa4 d4 17. Nb3 Bc2 18. Rd2 Bxb3 19. Qxb3 dxc3 20. Rxd8+ Rxd8
21. bxc3 Rd7 22. Qc4 Bb6 23. Bf1 g6 24. Qg4 Rd2 25. Be2 Rxa2 26. h4 Ne5 27. Qe4
Nxf3+ 28. gxf3 Bc5 29. Rf1 Kg7 30. Qc4 Rc2 31. Qxc5 Rxe2 32. Kg2 Rc2 33. c4 b5
34. Rd1 Rxc4 35. Qa7 Rxh4 36. Qe3 Qf5 37. Qc3+ Kh6 38. Qe3+ Qg5+ 0-1

[Event "Team senior chess final 2017"]
[Site "Sochi"]
[Date "2017.05.03"]
[Round "3.2"]
[White "Fradkin, Boris"]
[Black "Karimov, Rashid"]
[Result "1/2-1/2"]
[WhiteElo "2376"]
[BlackElo "2156"]
[PlyCount "48"]
[EventDate "2017.05.01"]

1. Nf3 c5 2. c4 Nf6 3. e3 g6 4. b3 Bg7 5. Bb2 O-O 6. Be2 b6 7. d4 cxd4 8. Nxd4
Bb7 9. O-O Nc6 10. Nc3 Nxd4 11. exd4 d5 12. Bf3 Qd7 13. Re1 dxc4 14. Bxb7 Qxb7
15. bxc4 Rac8 16. Qe2 e6 17. Nd1 Rfd8 18. Ne3 h5 19. h3 Rd7 20. a4 Rcd8 21.
Rad1 Qa6 22. Ra1 Qb7 23. Rad1 Qa6 24. Ra1 Qb7 1/2-1/2

[Event "Team senior chess final 2017"]
[Site "Sochi"]
[Date "2017.05.04"]
[Round "4.1"]
[White "Faibisovich, Vadim Z"]
[Black "Akhmadeev, Valery"]
[Result "1/2-1/2"]
[WhiteElo "2320"]
[BlackElo "2079"]
[PlyCount "65"]
[EventDate "2017.05.01"]

1. d4 d5 2. Nf3 Nf6 3. g3 c6 4. Bg2 Bf5 5. O-O h6 6. Nbd2 Nbd7 7. b3 e6 8. Bb2
Be7 9. Ne5 O-O 10. Ndf3 Nxe5 11. Nxe5 Nd7 12. e3 Nxe5 13. dxe5 f6 14. Qe2 fxe5
15. Bxe5 Bf6 16. Bxf6 Qxf6 17. e4 dxe4 18. Bxe4 Rad8 19. Rae1 Rd4 20. Bxf5 exf5
21. f4 Rfd8 22. Qe6+ Qxe6 23. Rxe6 Rd2 24. Rf2 Rxf2 25. Kxf2 Kf7 26. Re2 Rd1
27. a4 g6 28. h4 h5 29. Kf3 Rf1+ 30. Kg2 Rd1 31. Kf3 Rf1+ 32. Kg2 Rd1 33. Kf3
1/2-1/2

[Event "Team senior chess final 2017"]
[Site "Sochi"]
[Date "2017.05.04"]
[Round "4.1"]
[White "Sabaev, Evgueni"]
[Black "Mishuchkov, Nikolai M"]
[Result "1/2-1/2"]
[WhiteElo "2155"]
[BlackElo "2321"]
[PlyCount "120"]
[EventDate "2017.05.01"]

1. Nf3 d5 2. c4 e6 3. g3 dxc4 4. Qa4+ Bd7 5. Qxc4 c5 6. Bg2 Nc6 7. O-O Nf6 8.
Nc3 Rc8 9. Qb3 b6 10. d3 Be7 11. Bf4 O-O 12. Rfd1 Na5 13. Qc2 Nd5 14. Nxd5 exd5
15. d4 c4 16. h4 f6 17. e4 Be6 18. e5 Qd7 19. exf6 gxf6 20. Qd2 Nc6 21. Bh6 Bb4
22. Qe3 Rfe8 23. Qf4 Qf7 24. a3 Bf8 25. Bxf8 Kxf8 26. Nh2 Ne7 27. Ng4 Bxg4 28.
Qxg4 c3 29. bxc3 Rxc3 30. Qd7 Nc6 31. Qxf7+ Kxf7 32. Bxd5+ Kg6 33. Bxc6 Rxc6
34. Rac1 Rxc1 35. Rxc1 Re7 36. Kg2 Rd7 37. Rc4 Rd5 38. a4 h5 39. Kf3 Kf5 40.
Rb4 Ke6 41. Ke3 Ra5 42. f3 Kd6 43. g4 Kc6 44. Kf4 Kd6 45. gxh5 Rxh5 46. Kg4 Rd5
47. f4 Ke6 48. Rc4 Rd7 49. Rc6+ Kf7 50. d5 Rxd5 51. h5 Ra5 52. Rc7+ Kg8 53. h6
Kh8 54. f5 Rxa4+ 55. Kh5 Ra2 56. Kg6 Rg2+ 57. Kxf6 a5 58. Rb7 a4 59. Rxb6 a3
60. Ra6 a2 1/2-1/2

[Event "Team senior chess final 2017"]
[Site "Sochi"]
[Date "2017.05.04"]
[Round "4.1"]
[White "Karasev, Vladimir I"]
[Black "Zlachevskiy, Leonid"]
[Result "1/2-1/2"]
[WhiteElo "2355"]
[BlackElo "2046"]
[PlyCount "82"]
[EventDate "2017.05.01"]

1. c4 e5 2. Nc3 Nf6 3. g3 Bb4 4. Bg2 O-O 5. e4 a6 6. Nge2 b5 7. cxb5 axb5 8.
O-O Bb7 9. Qb3 Na6 10. d3 c6 11. d4 d6 12. h3 Re8 13. dxe5 dxe5 14. Rd1 Qa5 15.
Bg5 Be7 16. a3 Nc5 17. Qc2 Ne6 18. Be3 b4 19. axb4 Qxb4 20. Ra4 Rxa4 21. Qxa4
c5 22. Qxb4 cxb4 23. Nd5 Bc5 24. Bxc5 Nxc5 25. Nxb4 Ncxe4 26. Nc3 Nxc3 27. bxc3
Bxg2 28. Kxg2 g6 29. Nc6 Kg7 30. c4 e4 31. Rd8 Rxd8 32. Nxd8 Kf8 33. Nc6 Nd7
34. Kf1 Nb6 35. Ne5 Ke7 36. c5 Nd5 37. Ke2 Ke6 38. Nc4 f5 39. h4 Kd7 40. Ne5+
Ke6 41. Nc4 Kd7 1/2-1/2